Traité d'héraldique / (Record no. 116813)

MARC details
000 -LEADER
campo de control de longitud fija 00755nam a2200229 i 4500
001 - NÚMERO DE CONTROL
campo de control 116813
003 - IDENTIFICADOR DE NÚMERO DE CONTROL
campo de control ES-MaACL
005 - FECHA Y HORA DE LA ÚLTIMA TRANSACCIÓN
campo de control 20240326131459.0
007 - CAMPO FIJO DE DESCRIPCIÓN FÍSICA--INFORMACIÓN GENERAL
campo de control de longitud fija t|
008 - DATOS DE LONGITUD FIJA--INFORMACIÓN GENERAL
campo de control de longitud fija 070301s1979 fr r ||||1| fre d
020 ## - NÚMERO INTERNACIONAL ESTÁNDAR DEL LIBRO
Número Internacional Estándar del Libro 2-7084-0036-33
100 1# - ENTRADA PRINCIPAL--NOMBRE DE PERSONA
Nombre de persona Pastoureau, Michel.
9 (RLIN) 89538
245 10 - MENCIÓN DEL TÍTULO
Título Traité d'héraldique /
Mención de responsabilidad, etc. Michel Pastoureau ; preface de Jean Hubert ; sous le patronage de la Bibliothèque de la Sauvegarde de l'Art Français.
260 ## - PUBLICACIÓN, DISTRIBUCIÓN, ETC.
Lugar de publicación, distribución, etc. Paris :
Nombre del editor, distribuidor, etc. Picard,
Fecha de publicación, distribución, etc. 1979.
300 ## - DESCRIPCIÓN FÍSICA
Extensión 366 p. :
Otras características físicas il ;
Dimensiones 27 cm.
490 1# - MENCIÓN DE SERIE
Mención de serie Grands manuels Picard
650 07 - PUNTO DE ACCESO ADICIONAL DE MATERIA--TÉRMINO DE MATERIA
Término de materia o nombre geográfico como elemento de entrada Heráldica
Fuente del encabezamiento o término embne
9 (RLIN) 235652
700 1# - ENTRADA AGREGADA--NOMBRE PERSONAL
Nombre de persona Hubert, Jean.
9 (RLIN) 64500
830 0# - PUNTO DE ACCESO ADICIONAL DE SERIE-TÍTULO UNIFORME
Título uniforme Grands manuels Picard
9 (RLIN) 233327
852 ## - LOCALIZACIÓN
Ubicación ES-MaACL
Número de control de estantería L-13235
Sublocalización o colección R.115668
Holdings
Estatus retirado Estado de pérdida Estado de daño No para préstamo Biblioteca de origen Biblioteca actual Ubicación en estantería Fecha de adquisición Fuente de adquisición Total de préstamos Signatura topográfica completa Código de barras Visto por última vez Precio de reemplazo Tipo de ítem Koha
        Biblioteca del Ateneo de Madrid Biblioteca del Ateneo de Madrid Depósito 2 17/01/2008     L-13235 1121800 23/02/2023 23/02/2023 Libro impreso